Các tổ chức thể thao quốc tế T. 1
Giới thiệu về uỷ ban Olimpic quốc tế, các liên đoàn thể thao quốc tế như: Bóng đá, bóng chuyền, bóng rổ, bóng ném, điền kinh, bơi lội, quyền Anh, đếu kiếm, đua ngựa...
Saved in:
| Other Authors: | , |
|---|---|
| Format: | Book |
| Language: | Vietnamese |
| Published: |
H.
Thể dục thể thao
1983
|
| Subjects: | |
| Tags: |
Add Tag
No Tags, Be the first to tag this record!
|
| Institutions: | Mạng thư viện Đại học Đà Nẵng |
|---|
| LEADER | 01468nam a22003858a 4500 | ||
|---|---|---|---|
| 001 | 000009555 | ||
| 003 | 5752 | ||
| 005 | 20111028151050.0 | ||
| 008 | 111028s1983 b 000 0 vieod | ||
| 020 | |c 4500đ |d 5300b | ||
| 041 | 0 | |a vie | |
| 082 | |a 796.06 |b Tôc | ||
| 084 | |a U514(0)i |b C101T | ||
| 245 | 1 | 0 | |a Các tổ chức thể thao quốc tế |c Người dịch: Văn An, Phi Hùng |n T. 1 |
| 260 | |a H. |b Thể dục thể thao |c 1983 | ||
| 300 | |a 132tr |c 19cm | ||
| 505 | |a T. 1 | ||
| 520 | |a Giới thiệu về uỷ ban Olimpic quốc tế, các liên đoàn thể thao quốc tế như: Bóng đá, bóng chuyền, bóng rổ, bóng ném, điền kinh, bơi lội, quyền Anh, đếu kiếm, đua ngựa... | ||
| 653 | |a Thể thao | ||
| 653 | |a tổ chức quốc tế | ||
| 653 | |a liên đoàn thể thao quốc tế | ||
| 700 | 1 | |a Văn An |e Dịch | |
| 700 | 1 | |a Phi Hùng |e Dịch | |
| 773 | |t Các tổ chức thể thao quốc tế |w 5751 | ||
| 910 | |a Nguyễn Thị Kim Oanh |d 28/10/2011 | ||
| OWN | |a LSP | ||
| AVA | |a UDN50 |b LSP |d 796.06 Tôc |e available |t Error 5001 Not defined in file expand_doc_bib_avail. |f 3 |g 1 |h N |i 0 |k 1 | ||
| 999 | |a From the UDN01 | ||
| AVA | |a UDN50 |b LSP |d 796.06 Tôc |e available |t Error 5001 Not defined in file expand_doc_bib_avail. |f 3 |g 1 |h N |i 0 |k 1 | ||
| TYP | |a Monograph | ||
| TYP | |a Printed language | ||
| 980 | |a Mạng thư viện Đại học Đà Nẵng | ||